000 00616nam a22002537a 4500
003 UA-OsUOA
001 22801
007 ta
008 20031225b un ||||| |||| 00| 0 ukr d
100 _aФлоренский П. А.
090 _a215
_bФ73
942 _cBK
040 _aUA-OsUOA
_brus
_cUA-OsUOA
_dUA-OsUOA
245 _aСтолп и утверждение истины (ІІ)
300 _a839 с.
_bІлюстрації
955 _a0
041 _arus
080 _a215
260 _aМосква
_bПравда
_c1990
246 3 1 _aТ. 1
_n
044 _aRU
650 7 _2UDC
999 _c309030
_d309030